000 00319nam a22001337a 4500
008 181204b xxu||||| |||| 00| 0 eng d
020 _a0132154188
041 _aeng
080 _a004
100 _a28
101 _aSHK
245 _aDiscrete Mathematical Structures for Computer Science
_cKolman,B
942 _2udc
_cBK
999 _c52783
_d52783